| 000 | 00508nam a2200229Ia 4500 | ||
|---|---|---|---|
| 003 | 0100 | ||
| 008 | 130303s9999 xx 000 0 und d | ||
| 020 | _a0192892908 | ||
| 040 | _cARRUPELIB | ||
| 050 | _aBL51.F313 1999 | ||
| 245 | _aFaith and reason | ||
| 260 | _aOxford | ||
| 260 | _bOxford University Press | ||
| 260 | _C1999 | ||
| 300 | _axiii | ||
| 300 | _b 415p. 25cm | ||
| 440 | _aOxford readers | ||
| 650 | _aRELIGION | ||
| 650 | _bReason | ||
| 700 | _aHelm, Paul (ed.) | ||
| 942 | 0 | 0 | _03 |
| 999 |
_c15834 _d15834 |
||